[Event "BUL-ch U20"]
[Site "Sofia"]
[Date "2015.02.24"]
[Round "8"]
[White "Petrov, Anton"]
[Black "Rafailov, Radostin"]
[Result "1/2-1/2"]
[WhiteElo "1625"]
[BlackElo "1962"]
[PlyCount "85"]
[EventDate "2015.02.19"]
[EventType "tourn"]
[EventRounds "9"]
[EventCountry "BUL"]
[SourceTitle "CBM 165 Extra"]
[Source "ChessBase"]
[SourceDate "2015.04.21"]
[SourceVersion "1"]
[SourceVersionDate "2015.04.21"]
[SourceQuality "1"]

1. e4 e5 2. Nf3 Nc6 3. Bc4 Be7 4. c3 Nf6 5. d3 0-0 6. 0-0 d6 7. Nbd2 Na5 8. Bb5 a6 9. Ba4 b5 10. Bc2 c5 11. Re1 Nc6 12. Nf1 h6 13. Ng3 Re8 14. d4 cxd4 15. cxd4 Bg4 16. Nf5 Rc8 17. Be3 Bxf5 18. exf5 e4 19. Nd2 Nb4 20. Bb1 d5 21. a3 Nc6 22. f3 Bd6 23. fxe4 dxe4 24. Bf2 Ne7 25. Nxe4 Nxf5 26. Qf3 Nxe4 27. Qxf5 Nf6 28. Rxe8+ Qxe8 29. Bd3 Qe6 30. Qxe6 fxe6 31. Bg6 Ng4 32. h3 Nxf2 33. Kxf2 Rf8+ 34. Ke2 Bg3 35. Rf1 Rxf1 36. Kxf1 Bf4 37. Be4 Bc1 38. Bb7 a5 39. b4 axb4 40. axb4 Bd2 41. Bc6 Bxb4 42. Bxb5 Bc3 43. Bc4 1/2-1/2

[Event "Albena Masters op"]
[Site "Albena"]
[Date "2013.06.01"]
[Round "1"]
[White "Sveshnikov, Vladimir"]
[Black "Rafailov, Radostin"]
[Result "1-0"]
[WhiteElo "2411"]
[BlackElo "1962"]
[PlyCount "89"]
[EventDate "2013.06.01"]
[EventType "swiss"]
[EventRounds "9"]
[EventCountry "BUL"]
[SourceTitle "CBM 154 Extra"]
[Source "ChessBase"]
[SourceDate "2013.06.25"]
[SourceVersion "2"]
[SourceVersionDate "2013.06.25"]
[SourceQuality "1"]

1. d4 d5 2. c4 e6 3. Nc3 Nf6 4. cxd5 exd5 5. Bg5 Be7 6. e3 0-0 7. Bd3 Nbd7 8. Nge2 Re8 9. 0-0 c6 10. Qc2 Nf8 11. f3 Nh5 12. Bxe7 Qxe7 13. e4 dxe4 14. fxe4 Nf6 15. e5 Nd5 16. Rf2 Nb4 17. Qd2 Nxd3 18. Qxd3 Bg4 19. Ne4 Bxe2 20. Qxe2 Rad8 21. Rd1 Ng6 22. g3 c5 23. Nd6 Rf8 24. dxc5 Qxe5 25. b4 Qc3 26. Qe1 Qxe1+ 27. Rxe1 b6 28. Nb7 Rd4 29. c6 Rxb4 30. Nd6 Rd4 31. Ne8 Rd8 32. Rfe2 f6 33. c7 Rc8 34. Rc1 Rf7 35. Rec2 Rxe8 36. c8Q Rxc8 37. Rxc8+ Nf8 38. R1c7 Rxc7 39. Rxc7 Ne6 40. Rxa7 Nc5 41. Rc7 h5 42. Rc6 Na4 43. Rc4 b5 44. Rb4 Nc3 45. a3 1-0

[Event "Varna op 6th"]
[Site "Varna"]
[Date "2012.07.18"]
[Round "7"]
[White "Rafailov, Radostin"]
[Black "Ivanova, Simoneta"]
[Result "1/2-1/2"]
[WhiteElo "1867"]
[BlackElo "1956"]
[PlyCount "79"]
[EventDate "2012.07.11"]
[EventType "swiss"]
[EventRounds "9"]
[EventCountry "BUL"]
[SourceTitle "CBM 149 Extra"]
[Source "ChessBase"]
[SourceDate "2012.08.24"]
[SourceVersion "1"]
[SourceVersionDate "2012.08.24"]
[SourceQuality "1"]

1. e4 d6 2. d4 Nf6 3. Nc3 Nbd7 4. Nf3 e5 5. Bc4 Be7 6. 0-0 0-0 7. Re1 Nb6 8. Bd3 exd4 9. Nxd4 Nfd7 10. a4 a5 11. Bf1 Bf6 12. b3 Nc5 13. Bb2 Re8 14. f4 Bg4 15. Qd2 Ne6 16. Ndb5 c6 17. Na3 Nc5 18. Bd3 Be6 19. Rab1 Qc7 20. Ne2 Bxb2 21. Rxb2 d5 22. e5 Nxd3 23. cxd3 Qe7 24. Nc2 c5 25. Ne3 d4 26. Nc4 Bxc4 27. bxc4 Nxa4 28. Ra2 Nb6 29. Rxa5 Rxa5 30. Qxa5 Nd7 31. Ng3 Qe6 32. Ne4 b6 33. Qa7 Qc6 34. Ra1 f6 35. Nd6 Rf8 36. e6 Qxd6 37. Qxd7 Qxd7 38. exd7 Rd8 39. Ra6 Rxd7 40. Rxb6 1/2-1/2

[Event "Varna op 6th"]
[Site "Varna"]
[Date "2012.07.17"]
[Round "6"]
[White "Petrova, Boryana"]
[Black "Rafailov, Radostin"]
[Result "0-1"]
[WhiteElo "1722"]
[BlackElo "1867"]
[PlyCount "59"]
[EventDate "2012.07.11"]
[EventType "swiss"]
[EventRounds "9"]
[EventCountry "BUL"]
[SourceTitle "CBM 149 Extra"]
[Source "ChessBase"]
[SourceDate "2012.08.24"]
[SourceVersion "1"]
[SourceVersionDate "2012.08.24"]
[SourceQuality "1"]

1. d4 d5 2. Nf3 c6 3. c3 Bf5 4. Bf4 Qb6 5. Qb3 Nf6 6. Nbd2 Nbd7 7. e3 e6 8. c4 dxc4 9. Bxc4 Nd5 10. Bg3 Qxb3 11. Bxb3 Bd3 12. Nc4 Bb4+ 13. Kd1 Bxc4 14. Bxc4 N7b6 15. Bb3 a5 16. a3 Be7 17. Ne5 a4 18. Bc2 0-0 19. Be4 Rfd8 20. Ke2 f6 21. Nd3 Nc4 22. Rac1 Na5 23. Nf4 Nb3 24. Rc2 Nxf4+ 25. Bxf4 g5 26. Bg3 f5 27. Bd3 f4 28. exf4 Nxd4+ 29. Ke1 Nxc2+ 30. Bxc2 0-1

[Event "Varna op 6th"]
[Site "Varna"]
[Date "2012.07.16"]
[Round "5"]
[White "Rafailov, Radostin"]
[Black "Dionisi, Thomas"]
[Result "0-1"]
[WhiteElo "1867"]
[BlackElo "2278"]
[PlyCount "36"]
[EventDate "2012.07.11"]
[EventType "swiss"]
[EventRounds "9"]
[EventCountry "BUL"]
[SourceTitle "CBM 149 Extra"]
[Source "ChessBase"]
[SourceDate "2012.08.24"]
[SourceVersion "1"]
[SourceVersionDate "2012.08.24"]
[SourceQuality "1"]

1. e4 e5 2. Nf3 f5 3. Nxe5 Qf6 4. d4 d6 5. Nc4 fxe4 6. Nc3 Qg6 7. Bf4 Nf6 8. Qd2 Be7 9. 0-0-0 0-0 10. h3 a6 11. g4 b5 12. Ne3 c6 13. Be2 Nxg4 14. Bxg4 Bxg4 15. Nxg4 Rxf4 16. Rdg1 Bg5 17. Ne3 Qh6 18. Ng4 Rxg4 0-1

[Event "Dimitrovgrad op"]
[Site "Dimitrovgrad"]
[Date "2011.09.05"]
[Round "2"]
[White "Rafailov, Radostin"]
[Black "Angelov, Angel"]
[Result "0-1"]
[WhiteElo "1979"]
[BlackElo "2210"]
[PlyCount "45"]
[EventDate "2011.09.05"]
[EventType "swiss"]
[EventRounds "7"]
[EventCountry "BUL"]
[SourceTitle "CBM 144 Extra"]
[Source "ChessBase"]
[SourceDate "2011.10.28"]
[SourceVersion "1"]
[SourceVersionDate "2011.10.28"]
[SourceQuality "1"]

1. e4 g6 2. d4 Bg7 3. Nc3 d6 4. Be3 a6 5. Qd2 b5 6. 0-0-0 Bb7 7. f3 Nd7 8. Kb1 Rc8 9. h4 h5 10. Nh3 c5 11. Nf2 Qa5 12. g4 c4 13. gxh5 Rxh5 14. Ne2 Qxd2 15. Rxd2 Bf6 16. Bg5 Bxg5 17. hxg5 Rxg5 18. f4 Rh5 19. Rxh5 gxh5 20. Ng3 h4 21. Nf5 Ngf6 22. e5 Nd5 23. Bg2 0-1